Karen's bully / (Record no. 991)

MARC details
000 -LEADER
fixed length control field 00981cam a22002897a 4500
005 - DATE AND TIME OF LATEST TRANSACTION
control field 20230815150959.0
020 ## - INTERNATIONAL STANDARD BOOK NUMBER
International Standard Book Number 0590456466 :
040 ## - CATALOGING SOURCE
Original cataloging agency DLC
Transcribing agency DLC
Modifying agency DLC
Language of cataloging eng
050 00 - LIBRARY OF CONGRESS CALL NUMBER
Classification number MLC R CP01296
082 ## - DEWEY DECIMAL CLASSIFICATION NUMBER
Classification number Fic
100 1# - MAIN ENTRY--PERSONAL NAME
Personal name Martin, Ann M.,
Dates associated with a name 1955-
245 10 - TITLE STATEMENT
Title Karen's bully /
Statement of responsibility, etc. Ann M. Martin ; illustrations by Susan Tang.
260 ## - PUBLICATION, DISTRIBUTION, ETC.
Place of publication, distribution, etc. New York :
Name of publisher, distributor, etc. Scholastic,
Date of publication, distribution, etc. 1992.
300 ## - PHYSICAL DESCRIPTION
Extent 107 pages :
Other physical details illustrations ;
Dimensions 20 cm
490 1# - SERIES STATEMENT
Series statement Baby-sitters little sister ;
Volume/sequential designation Book 31
500 ## - GENERAL NOTE
General note "A Little Apple paperback."
500 ## - GENERAL NOTE
General note Source: Copyright deposit, Jan. 14, 1994.
Institution to which field applies DLC
505 ## - FORMATTED CONTENTS NOTE
Formatted contents note M <br/>
520 ## - SUMMARY, ETC.
Summary, etc. Bobby, the class bully, is moving into Karen's neighborhood and she'll have no peace until she declares war on the bully.
521 ## - TARGET AUDIENCE NOTE
Target audience note 540 <br/>
Source Lexile <br/><br/>
521 ## - TARGET AUDIENCE NOTE
Target audience note M <br/>
Source Raz-Plus <br/>
700 1# - ADDED ENTRY--PERSONAL NAME
Personal name Tang, Susan
906 ## - LOCAL DATA ELEMENT F, LDF (RLIN)
a 7
b cbc
c orignew
d u
e ncip
f 19
g y-gencatlg
942 ## - ADDED ENTRY ELEMENTS (KOHA)
Source of classification or shelving scheme Dewey Decimal Classification
Koha item type Books
Suppress in OPAC No
999 ## -
-- 991
-- 991
Holdings
Withdrawn status Lost status Source of classification or shelving scheme Damaged status Not for loan Collection Home library Current library Shelving location Date acquired Total Checkouts Full call number Barcode Date last seen Price effective from Koha item type
    Dewey Decimal Classification     Juvenile Fiction Footprints International School Library Network Toul Kork Campus Footprints International School Library Network Toul Kork Campus   07/17/2023   MAR Fic PZ7.M3567585 FIS00425 07/17/2023 07/17/2023 Books